<?xml version="1.0" encoding="UTF-8"?>
<collection xmlns="http://www.loc.gov/MARC21/slim">
 <record>
  <leader>00730nam a2200169 a 4500</leader>
  <controlfield tag="001">1/37605</controlfield>
  <controlfield tag="008">090303s2008    gr            00110 gre d</controlfield>
  <datafield tag="035" ind1=" " ind2=" ">
   <subfield code="l">40217</subfield>
  </datafield>
  <datafield tag="040" ind1=" " ind2=" ">
   <subfield code="a">GR-PeUP</subfield>
  </datafield>
  <datafield tag="090" ind1=" " ind2=" ">
   <subfield code="a">658.4 ΧΟΝ</subfield>
  </datafield>
  <datafield tag="100" ind1="1" ind2=" ">
   <subfield code="a">Χονδροκούκης, Γρηγόρης Π.</subfield>
  </datafield>
  <datafield tag="245" ind1="1" ind2="0">
   <subfield code="a">Συστήματα υποστήριξης αποφάσεων /</subfield>
   <subfield code="c">Γρηγόρης Π. Χονδροκούκης.</subfield>
  </datafield>
  <datafield tag="260" ind1=" " ind2=" ">
   <subfield code="a">Πειραιάς :</subfield>
   <subfield code="b">[χ.τ.],</subfield>
   <subfield code="c">2008.</subfield>
  </datafield>
  <datafield tag="300" ind1=" " ind2=" ">
   <subfield code="a">309 σ. ;</subfield>
   <subfield code="c">24 εκ.</subfield>
  </datafield>
  <datafield tag="504" ind1=" " ind2=" ">
   <subfield code="a">Περιέχει βιβλιογραφία.</subfield>
  </datafield>
  <datafield tag="650" ind1=" " ind2="4">
   <subfield code="a">Αποφάσεις, Λήψη των</subfield>
   <subfield code="x">Πληροφοριακά συστήματα.</subfield>
  </datafield>
  <datafield tag="852" ind1=" " ind2=" ">
   <subfield code="a">INST</subfield>
   <subfield code="b">UNIPILB</subfield>
   <subfield code="c">MAIN</subfield>
   <subfield code="e">20090427</subfield>
   <subfield code="h">658.4 ΧΟΝ</subfield>
   <subfield code="p">00157697</subfield>
   <subfield code="q">00157697</subfield>
   <subfield code="t">LOAN</subfield>
   <subfield code="y">0</subfield>
   <subfield code="4">1</subfield>
  </datafield>
 </record>
</collection>
